Курс методов оптимизации

Λεπτομέρειες βιβλιογραφικής εγγραφής
Κύριος συγγραφέας: Сухарев А. Г. Алексей Григорьевич
Συγγραφή απο Οργανισμό/Αρχή: Московский государственный университет им. М. В. Ломоносова
Άλλοι συγγραφείς: Тимохов А. В. Александр Васильевич, Федоров В. В. Вячеслав Васильевич
Περίληψη:Книга написана на основе курсов лекций по оптимизации, которые на протяжении ряда лет читались авторами на факультете вычислительной математики и кибернетики МГУ. Основное внимание уделено методам минимизации функций конечного числа переменных. Книга может служить также введением в выпуклый анализ и теорию условий оптимальности в экстремальных задачах. Для усвоения материала достаточно владения стандартными курсами математического анализа и линейной алгебры.
Γλώσσα:Ρωσικά
Έκδοση: Москва, Физматлит, 2005
Έκδοση:2-е изд.
Σειρά:Классический университетский учебник
Θέματα:
Μορφή: MixedMaterials Βιβλίο
KOHA link:https://koha.lib.tpu.ru/cgi-bin/koha/opac-detail.pl?biblionumber=81483

MARC

LEADER 00000nam0a2200000 4500
001 81483
005 20231031095156.0
010 |z 5-9221-0559-0 (error)  |b (в пер.) 
021 |a RU  |b 05-47076  |9 05-2304 
035 |a (RuTPU)RU\TPU\book\87587 
090 |a 81483 
100 |a 20050921d2005 m y0rusy5002 ca 
101 0 |a rus 
102 |a RU 
105 |a a j 001zy 
200 1 |a Курс методов оптимизации  |f А. Г. Сухарев, А. В. Тимохов, В. В. Федоров  |g Московский государственный университет им. М. В. Ломоносова 
205 |a 2-е изд. 
210 |a Москва  |c Физматлит  |d 2005 
215 |a 367 с.  |c ил.  |d 22 см. 
225 1 |a Классический университетский учебник 
320 |a Библиогр.: с. 361-363. 
320 |a Предметный указатель: с. 364-367. 
330 |a Книга написана на основе курсов лекций по оптимизации, которые на протяжении ряда лет читались авторами на факультете вычислительной математики и кибернетики МГУ. Основное внимание уделено методам минимизации функций конечного числа переменных. Книга может служить также введением в выпуклый анализ и теорию условий оптимальности в экстремальных задачах. Для усвоения материала достаточно владения стандартными курсами математического анализа и линейной алгебры. 
451 1 |0 (RuTPU)RU\TPU\book\35305  |t Курс методов оптимизации  |f А. Г. Сухарев, А. В. Тимохов, В. В. Федоров  |e 2-е изд.  |c М.  |n Наука  |d 1986  |p 326 с.  |a Сухарев, Алексей Григорьевич 
451 1 |0 (RuTPU)RU\TPU\book\157948  |t Курс методов оптимизации  |f А. Г. Сухарев, А. В. Тимохов, В. В. Федоров  |g Московский государственный университет им. М. В. Ломоносова  |c М.  |n Физматлит  |d 2008  |p 368 с.  |s Классический университетский учебник  |a Сухарев, Алексей Григорьевич 
610 1 |a оптимизация 
610 1 |a методы 
610 1 |a учебные пособия 
610 1 |a одномерная минимизация 
610 1 |a выпуклый анализ 
610 1 |a оптимальность 
610 1 |a условия 
610 1 |a безусловная оптимизация 
610 1 |a численные методы 
610 1 |a условная оптимизация 
610 1 |a дискретная оптимизация 
610 1 |a оптимальное управление 
675 |a 519.8(075.8)  |v 3  |z rus 
700 1 |a Сухарев  |b А. Г.  |g Алексей Григорьевич  |4 070 
701 1 |a Тимохов  |b А. В.  |g Александр Васильевич  |4 070 
701 1 |a Федоров  |b В. В.  |g Вячеслав Васильевич  |4 070 
712 0 2 |a Московский государственный университет им. М. В. Ломоносова  |2 stltpush  |3 (RuTPU)RU\TPU\col\7 
801 0 |a RU  |b RKP  |c 20050819  |g PSBO 
801 1 |a RU  |b 63413507  |c 20050921  |g PSBO 
801 2 |a RU  |b 63413507  |c 20211015  |g PSBO 
942 |c BK 
959 |a 90/20051116  |d 5  |e 0  |f НФ:5